| 000 | 00913nmm a2200325 a 4500 | ||
|---|---|---|---|
| 003 | AR-BaBNM | ||
| 005 | 20251128203511.0 | ||
| 008 | 096119s1980 ||||||||||||||000 | spa|| | ||
| 040 | _cAR-BaBNM | ||
| 100 | 1 | _aGoldar, Ernesto | |
| 245 | 1 | 0 |
_aBuenos Aires _bvida cotidiana en la década del 50 |
| 260 |
_aBuenos Aires _bPlus Ultra _c1980 |
||
| 300 | 0 | _a219 p. | |
| 500 | 0 | _aContiene referencias bibliográficas en p. 217 | |
| 650 | 4 | _aSOCIOLOGIA CULTURAL | |
| 650 | 4 | _aANTROPOLOGIA CULTURAL Y SOCIAL | |
| 650 | 4 | _aVIDA SOCIAL | |
| 650 | 4 | _aCOSTUMBRES Y TRADICIONES | |
| 650 | 4 | _aMODA | |
| 650 | 4 | _aMEDIOS DE TRANSPORTE | |
| 650 | 4 | _aLINGUISTICA | |
| 650 | 4 | _aCOMPORTAMIENTO SEXUAL | |
| 650 | 4 | _aDEPORTE | |
| 650 | 4 | _aVIDA COTIDIANA | |
| 650 | 4 | _aESTILOS DE VIDA | |
| 651 | 4 | _aBuenos Aires [Capital Federal] | |
| 700 | 1 |
_aSebreli, Juan José _eprologuista |
|
| 942 | _cBK | ||
| 998 | _cMARTIN | ||
| 999 |
_c3664 _d3664 |
||